Štruktúra a vlastnosti dreva. /

Uložené v:
Podrobná bibliografia
Hlavný autor: Požgaj, Alexander (Author)
Médium: Kniha
Jazyk:Slovak
Vydané: Bratislava : Príroda a.s., 1997
Vydanie:2. vyd.
Témy:
ISBN: 8007009604 (viaz.)
Fyzický popis: 485 s.
Tagy: Pridať tag
Žiadne tagy, Buďte prvý kto otaguje tento záznam!

MARC

LEADER 00000nam a2200000 a 4500
001 000032021
003 SVKK
005 19990611000000.0
008 970827s1997 xo e sloo
020 |a 8007009604 (viaz.) 
040 |a SVKKK  |b slo  |c SVKKK  |e AACR2 
041 0 |a slo 
044 |a xo  |c SK 
080 |a 630.81(075.8)  |2 1997 
100 1 |a Požgaj, Alexander  |4 aut 
245 1 0 |a Štruktúra a vlastnosti dreva. /  |c Alexander Požgaj...[et al.] 
250 |a 2. vyd. 
260 |a Bratislava :  |b Príroda a.s.,  |c 1997 
300 |a 485 s. 
653 0 |a drevo  |2 SVKKKPH 
653 0 |a štruktúra  |2 SVKKKPH 
653 0 |a vlastnosti  |2 SVKKKPH 
653 0 |a učebnice vysokých škôl  |2 SVKKKPH 
655 7 |a učebnice vysokých škôl  |2 SVKKKPH 
910 |a svkkk 
919 |a 80-07-00960-4 
974 |a MI  |d 19971015 
974 |a KL  |d 19971127 
974 |a MI  |d 19990611 
998 |a BK 
090 |g SCKHL  |k Sklad Pribinova prízemie  |a IV.176352  |j 910670  |i 2720279841  |s Absenčne